The Retrospective Raj: (Record no. 215695)

MARC details
000 -LEADER
fixed length control field 00593nam a22001937a 4500
005 - DATE AND TIME OF LATEST TRANSACTION
control field 20260320150647.0
010 ## - LCCN (DPL NO)
LC control number ENG-148095
020 ## - INTERNATIONAL STANDARD BOOK NUMBER
International Standard Book Number 9789395474153
Terms of availability 1795.00
035 ## - SYSTEM CONTROL NUMBER
System control number EN-131627
037 ## - SOURCE OF ACQUISITION
Source of stock number/acquisition DBAD
082 ## - DEWEY DECIMAL CLASSIFICATION NUMBER
Classification number 954
Edition number 1
100 ## - MAIN ENTRY--PERSONAL NAME
Personal name Goodman, Sam
245 ## - TITLE STATEMENT
Title The Retrospective Raj:
Statement of responsibility, etc Sam Goodman
Remainder of title Medicine, Literature and History after Empire/
250 ## - EDITION STATEMENT
Edition statement 1
260 ## - PUBLICATION, DISTRIBUTION, ETC. (IMPRINT)
Place of publication, distribution, etc New Delhi
Name of publisher, distributor, etc Sanctum Books
Date of publication, distribution, etc 2022
270 ## - ADDRESS
Address 68 Medical Association Road, Darya Ganj
City New Delhi
Postal code 110002
300 ## - PHYSICAL DESCRIPTION
Extent 238p.
Dimensions 24cm(hb)
Other physical details Index
942 ## - ADDED ENTRY ELEMENTS (KOHA)
Item type English Books
Classification part 954
Source of classification or shelving scheme Dewey Decimal Classification
Call number suffix GOO
Holdings
Withdrawn status Lost status Not for loan Collection code Home library Current library Date acquired Source of acquisition Cost, normal purchase price Full call number Barcode Copy number Cost, replacement price Koha item type
    Not For Loan Non-fiction D.B.Act.Division D.B.Act.Division 20/03/2026 Delivery of Books Act Division 1795.00 954 GOO EN-131627 1 1795.00 English Books

© Delhi Public Library
Hit Counter
free hit counter